Wird geladen...
Children and television
| Format: | Printed Book |
|---|---|
| Veröffentlicht: |
Delhi:
Authorespress;
2006.
|
| LEADER | 00413nam a22001097a 4500 | ||
|---|---|---|---|
| 082 | |a 302.2345 |b SUN/C | ||
| 245 | |a Children and television |c edited by Victor sunderaj | ||
| 260 | |a Delhi: |b Authorespress; |c 2006. | ||
| 300 | |a 297p.; | ||
| 942 | |2 ddc |c BK | ||
| 999 | |c 148529 |d 148529 | ||
| 952 | |0 0 |1 0 |4 0 |6 384_540000000000000_SUN_C |7 0 |9 158587 |a MCJ |b MCJ |c ST1 |d 2011-07-05 |i 2182 |l 6 |m 1 |o 384.54 SUN/C |p MCJ2182 |r 2018-11-22 |s 2018-08-23 |w 2014-06-21 |y BK | ||